Il nuovo processo penale di pretura
| Contributors: | |
|---|---|
| Format: | Print Book |
| Language: | Italian |
| Published: |
Milano
Giuffrè
1985
|
| In: |
Teoria e pratica del diritto / 3 (32)
Year: 1985 |
| Availability in Tübingen: | Present in Tübingen. UB: KB 18 A 1781 |
| Check availability: | HBZ Gateway |
| Subito Delivery Service: | Order now. |
MARC
| LEADER | 00000cam a2200000 c 4500 | ||
|---|---|---|---|
| 001 | 272469920 | ||
| 003 | DE-627 | ||
| 005 | 20251222212242.0 | ||
| 007 | tu | ||
| 008 | 990101s1985 xx ||||| 00| ||ita c | ||
| 020 | |a 8814006628 |9 88-14-00662-8 | ||
| 035 | |a (DE-627)272469920 | ||
| 035 | |a (DE-576)021066299 | ||
| 035 | |a (DE-599)GBV272469920 | ||
| 035 | |a (OCoLC)246680118 | ||
| 035 | |a (OCoLC)14067969 | ||
| 040 | |a DE-627 |b ger |c DE-627 |e rakwb | ||
| 041 | |a ita | ||
| 082 | 0 | |a 344.5055 | |
| 082 | 0 | |a 345.45/05 | |
| 245 | 0 | 3 | |a Il nuovo processo penale di pretura |c Guido Neppi Modona ... |
| 264 | 1 | |a Milano |b Giuffrè |c 1985 | |
| 300 | |a 283 S | ||
| 336 | |a Text |b txt |2 rdacontent | ||
| 337 | |a ohne Hilfsmittel zu benutzen |b n |2 rdamedia | ||
| 338 | |a Band |b nc |2 rdacarrier | ||
| 490 | 1 | |a Teoria e pratica del diritto |a Sezione III, Diritto e procedura penale |v 32 | |
| 583 | 1 | |a Archivierung prüfen |c 20200919 |f DE-640 |z 2 |2 pdager | |
| 700 | 1 | |a Neppi Modona, Guido |d 1938- |e Mitarb. |0 (DE-588)1112690530 |0 (DE-627)866831290 |0 (DE-576)166662968 |4 oth | |
| 830 | 0 | |a Teoria e pratica del diritto / 3 |v 32 |9 3200 |w (DE-627)168475456 |w (DE-576)007950217 |w (DE-600)757606-7 |7 am | |
| 935 | |i Blocktest | ||
| 951 | |a BO | ||
| ELC | |b 1 | ||
| LOK | |0 000 xxxxxcx a22 zn 4500 | ||
| LOK | |0 001 3341111360 | ||
| LOK | |0 003 DE-627 | ||
| LOK | |0 004 272469920 | ||
| LOK | |0 005 19960329000000 | ||
| LOK | |0 008 900720||||||||||||||||ger||||||| | ||
| LOK | |0 040 |a DE-21 |c DE-627 |d DE-21 | ||
| LOK | |0 852 |a DE-21 | ||
| LOK | |0 852 1 |c KB 18 A 1781 |9 00 | ||
| LOK | |0 935 |a krim | ||
| LOK | |0 936ln |a k1 | ||
| LOK | |0 939 |a 20-07-90 |b l01 | ||
| ORI | |a SA-MARC-krimdoka001.raw | ||
| SIG | |a UB: KB 18 A 1781 | ||
